Festival di Sanremo 2026 - Canzoni - Statistics

Statistiche generali
  • Questo quiz è stato fatto 138 volte
  • Il punteggio medio è 20 su 30
Statistiche sulle risposte
Artista Canzone % Corretto
Ditonellapiaga Che fastidio!
90%
Dargen D'Amico Ai ai
88%
J-Ax Italia Starter Pack
85%
Samurai Jay Ossessione
83%
Sal Da Vinci Per sempre sì
80%
Eddie Brock Avvoltoi
79%
Tommaso Paradiso I romantici
78%
Ermal Meta Stella stellina
78%
Fedez e Masini Male necessario
76%
Malika Ayane Animali notturni
74%
Arisa Magica favola
74%
Sayf Tu mi piaci tanto
74%
Elettra Lamborghini Voilà
74%
Luchè Labirinto
72%
Tredici Pietro Uomo che cade
70%
Patty Pravo Opera
67%
Fulminacci Stupida sfortuna
67%
LDA e AKA 7even Poesie clandestine
65%
Leo Gassmann Naturale
64%
Nayt Prima che
58%
Serena Brancale Qui con me
55%
Mara Sattei Le cose che non sai di me
53%
Levante Sei tu
53%
Bambole di pezza Resta con me
52%
Maria Antonietta e Colombre La felicità e basta
51%
Michele Bravi Prima o poi
50%
Francesco Renga Il meglio di me
48%
Chiello Ti penso sempre
48%
Enrico Nigiotti Ogni volta che non so volare
41%
Raf Ora e per sempre
41%
Nessun quiz corrispondente trovato
Distribuzione punteggi
Percentuale di utenti per punteggio
Percentile per numero di risposta
I tuoi punteggi nel tempo
Non hai fatto questo quiz